Borders: High vs. Low Percent Muslim - Statistics

General Stats
  • This quiz has been taken 63 times
  • The average score is 21 of 27
Answer Stats
Country % Correct
China
93%
India
91%
Turkey
91%
Pakistan
89%
Russia
89%
Armenia
88%
Greece
88%
Iran
88%
Afghanistan
86%
Azerbaijan
86%
Georgia
86%
Tajikistan
86%
Kyrgyzstan
84%
Bulgaria
82%
Indonesia
82%
Bangladesh
79%
Papua New Guinea
73%
Timor-Leste
73%
Sudan
71%
Kenya
70%
Myanmar
70%
Somalia
66%
Central African Republic
64%
Kosovo
61%
Serbia
61%
Morocco
52%
Spain
43%
No matching quizzes found
Score Distribution
Percent of People with Each Score
Percentile by Number Answered
Your Score History
You have not taken this quiz